[Event "38th Olympiad"]
[Site "Dresden GER"]
[Date "2008.11.16"]
[Round "4"]
[White "Klasan,V"]
[Black "Baules,J"]
[Result "1/2-1/2"]
[WhiteElo "2326"]
[BlackElo "2317"]

1.e4 c5 2.Nf3 Nc6 3.Nc3 g6 4.Bc4 Bg7 5.O-O e6 6.d4 cxd4 7.Nb5 d6 8.Nfxd4 Nxd4
9.Nxd4 Nf6 10.Re1 O-O 11.Nf3 Nxe4 12.Rxe4 d5 13.Bxd5 Qxd5 14.Qxd5 exd5 15.Re7 Bf6
16.Rc7 Re8 17.c3 Bd8 18.Rc5 Bg4 19.Kf1 Be6 20.Rb5 d4 21.b3 dxc3 22.Be3 b6
23.Nd4 a6 24.Rb4 Bd5 25.Ne2 a5 26.Rd4 Bb7 27.Rd6 Ba6 28.Rc1 Rc8 29.Ke1 c2
30.Rd2 Bb7 31.Rcxc2 Rxc2 32.Rxc2 Bxg2 33.Rc8 Kf8 34.Nd4 Bh4 35.Rxe8+ Kxe8
36.Nb5 Kd7 37.Na3 Bd8 38.Nc4 b5 39.Ne5+ Ke6 40.Nd3 Kf5 41.Nf4 Bf3 42.Ne2 Bxe2
43.Kxe2 Ke4 44.a4 bxa4 45.bxa4 h5 46.f3+ Kd5 47.Kd3 Bc7 48.h3 Bd6 49.Bb6 Bb4
50.Bd8 Ke5 51.Bg5 f6 52.Be3 Kd5 53.Bd4 Be7 54.Bb6 Bb4 55.Bd4 f5 56.Bf6 Bd6
57.Bd8 Bb4 58.Bc7 g5 59.Bd8 g4 60.fxg4 fxg4 61.hxg4 hxg4 62.Ke3 Kc4 63.Ke4  1/2-1/2

[Event "38th Olympiad w"]
[Site "Dresden GER"]
[Date "2008.11.17"]
[Round "5"]
[White "Zykina,N"]
[Black "Ellappen,J"]
[Result "1-0"]
[WhiteElo "2108"]
[BlackElo "1917"]

1.e4 c5 2.Nc3 Nc6 3.Bb5 Nd4 4.a4 Nxb5 5.axb5 e5 6.Nf3 d6 7.d3 Nf6 8.Bg5 Be7
9.Ne2 Bd7 10.c4 O-O 11.Ng3 Ng4 12.Bd2 f5 13.exf5 Bxf5 14.Nxf5 Rxf5 15.h3 Nh6
16.Qe2 Rf7 17.Bxh6 gxh6 18.Qe4 b6 19.Qd5 Qe8 20.O-O Kh8 21.Ne1 Bf8 22.Nc2 Rd8
23.Rae1 Qd7 24.Re4 Rg7 25.Kh2 Be7 26.f4 Rdg8 27.Ne3 Bf6 28.f5 h5 29.g4 hxg4
30.Nxg4 Qe7 31.Re2 h5 32.Ne3 Qd8 33.Qf3 Rh7 34.Nd5 Qf8 35.Rg1 Rxg1 36.Kxg1 Bh4
37.Rg2 Qf7 38.Rg6 Bd8 39.Kh2 h4 40.Rxd6 Bc7 41.Nxc7 Qxc7 42.Qa8+ Kg7 43.Rg6+  1-0

[Event "38th Olympiad"]
[Site "Dresden GER"]
[Date "2008.11.17"]
[Round "5"]
[White "Pazos Gambarrotti,P"]
[Black "Khairallah,F"]
[Result "0-1"]
[WhiteElo "2327"]
[BlackElo "2337"]

1.e4 c5 2.Nf3 Nc6 3.Nc3 Nf6 4.d4 cxd4 5.Nxd4 Qb6 6.Nb3 e6 7.Be3 Qc7 8.Be2 Bb4
9.O-O Bxc3 10.bxc3 Nxe4 11.Qe1 O-O 12.Bd3 f5 13.Rd1 b6 14.Bc1 Nc5 15.Be2 d6
16.Bc4 Ne5 17.Be2 f4 18.f3 Na4 19.Rd4 Nxc3 20.Bxf4 Nxe2+ 21.Qxe2 Nf7 22.Rd2 e5
23.Bg3 Be6 24.Rfd1 Rfe8 25.Qe3 a5 26.f4 a4 27.Nc1 Qc5 28.Bf2 Qxe3 29.Bxe3 b5
30.fxe5 dxe5 31.Bc5 Rac8 32.Bb4 Nd8 33.Re1 Nc6 34.Bc3 Bc4 35.a3 Rcd8 36.Red1 Rxd2
37.Rxd2 Kf7 38.Rd6 Re6 39.Rd7+ Re7 40.Rd6 Rc7 41.Kf2 Ke7 42.Rd1 Rd7 43.Re1 Ke6
44.Ke3 Nd4 45.Bxd4 Rxd4 46.Nd3 Rh4 47.h3 g5 48.Nf2 Bd5 49.g3 Rc4 50.Kd2 Rd4+
51.Ke3 b4 52.axb4 Rxb4 53.Ra1 Bc6 54.Nd3 Rc4 55.Kd2 Kd6 56.c3 e4 57.Nb2 Rc5
58.g4 Ke5 59.c4 Kd4 60.Ra3 Ra5 61.Nd1 Kxc4 62.Ne3+ Kd4 63.Nc2+ Ke5 64.Ke3 Bd7
65.Rc3 Rb5 66.Rc7 Rb3+ 67.Kf2 Be6 68.Ne3 a3 69.Ra7 Rb2+ 70.Kg3 a2 71.Nf5 Rb1
72.Ra5+  0-1

[Event "38th Olympiad w"]
[Site "Dresden GER"]
[Date "2008.11.17"]
[Round "5"]
[White "Calzetta,M"]
[Black "Peptan,C"]
[Result "1-0"]
[WhiteElo "2328"]
[BlackElo "2430"]

1.e4 c5 2.Nc3 Nc6 3.Bb5 g6 4.Bxc6 dxc6 5.f4 Bg7 6.Nf3 Nf6 7.O-O c4 8.Kh1 Bg4
9.Qe1 Bxf3 10.Rxf3 Qb6 11.b3 cxb3 12.axb3 Nd7 13.Bb2 e5 14.Qh4 Qd8 15.Qf2 a6
16.f5 g5 17.f6 Nxf6 18.Rf1 Ng4 19.Qg3 Nh6 20.Ba3 f6 21.Rd3 Qc8 22.Na4 Qg4
23.Qe3 Bf8 24.h3 Qe6 25.Bxf8 Rxf8 26.Nc5 Qe7 27.Rd7 Qxc5 28.Qxc5 Kxd7 29.Qb6 Rab8
30.Rf3 Ke6 31.Rd3 Nf7 32.Qc7 Rfd8 33.Rxd8 Rxd8 34.Qxb7 Rxd2 35.Qxc6+ Ke7
36.c4 Rd6 37.Qb7+ Ke8 38.c5 Nd8 39.Qxh7 Rc6 40.Qa7 Ne6 41.b4 Nc7 42.Kh2 Kd7
43.Qb8 Re6 44.Kg3 Re8 45.Qb7 Rh8 46.Qb6  1-0

[Event "38th Olympiad w"]
[Site "Dresden GER"]
[Date "2008.11.17"]
[Round "5"]
[White "Sabirova,O"]
[Black "Pina Vega,S"]
[Result "1-0"]
[WhiteElo "2185"]
[BlackElo "2286"]

1.e4 c5 2.Nc3 Nc6 3.Bb5 d6 4.Bxc6+ bxc6 5.d3 g6 6.Nge2 Bg7 7.O-O Rb8 8.Rb1 Nf6
9.Bd2 O-O 10.f4 Ne8 11.f5 e6 12.Ng3 d5 13.Kh1 Nd6 14.Bf4 Rb4 15.f6 Bh8 16.e5 Nf5
17.Nxf5 exf5 18.a3 Rxf4 19.Rxf4 Qc7 20.Ra4 Qxe5 21.Qe1 Qxf6 22.Rxa7 Be6 23.Qf2 d4
24.Na4 c4 25.dxc4 Bxc4 26.Nc5 Qd6 27.b4 Bg7 28.Re1 h5 29.Rd7 Qf6 30.Qf4 Rd8
31.Rxd8+ Qxd8 32.a4 Kh7 33.a5 Bh6 34.Qe5 Be3 35.a6 Qh4 36.Qg3 Qe7 37.Ra1 h4
38.Qh3 d3 39.cxd3 Qf6 40.Qxe3 Bd5 41.d4  1-0

[Event "XXXII Tenkes Cup"]
[Site "Harkany HUN"]
[Date "2008.11.18"]
[Round "5"]
[White "Cao Sang"]
[Black "Jankovic,A"]
[Result "1/2-1/2"]
[WhiteElo "2488"]
[BlackElo "2548"]

1.e4 c5 2.Nf3 Nc6 3.Nc3 d6 4.Bb5 e5 5.O-O Be7 6.Nd5 a6 7.Be2 Nf6 8.d3 Nxd5
9.exd5 Nb8 10.c3 Nd7 11.a3 O-O 12.b4 b5 13.Be3 f5 14.Qb3 Kh8 15.a4 bxa4 16.Qxa4 Rb8
17.bxc5 dxc5 18.Rab1 Rxb1 19.Rxb1 Nb6 20.Qa3 e4 21.dxe4 fxe4 22.Nd2 Nxd5
23.Bxc5 Bxc5 24.Qxc5 Nf4 25.Bf1 Bf5 26.Ra1 Nd3 27.Bxd3 exd3 28.Rxa6 Re8 29.Ra1 Bg6
30.Qd4 Qb8 31.h4 h6 32.Nf3 Re7 33.h5 Bxh5 34.Qxd3 Bxf3 35.Qxf3 Re8 36.Rd1 Qc7
37.g3 Qc5 38.Rd5 Qc4 39.Rd4 Qe6 40.Qd3 Qe1+ 41.Kg2 Rf8 42.Qd2 Qe7 43.Kg1 Re8
44.Rd7 Qf6 45.Rd6 Qe7 46.Qd4 Kg8 47.Rd7 Qe1+ 48.Kh2 Re5 49.Qc4+ Kh7 50.Qd3+ Qe4
51.Qxe4+ Rxe4 52.Rd2 Rc4 53.Rd3 g5 54.Kg2 h5 55.Kf1 Kg6 56.Ke2 h4 57.Kf1 hxg3
58.fxg3 Kf5 59.Ke2 Rc8 60.Kf3 Rc5 61.Re3 Rc8 62.Ke2 Kg4 63.Kd2 Kh3 64.Kd3 Rd8+
65.Ke2 Rc8  1/2-1/2

[Event "38th Olympiad"]
[Site "Dresden GER"]
[Date "2008.11.19"]
[Round "6"]
[White "Hamperl,F"]
[Black "Hamad,Ah"]
[Result "0-1"]
[WhiteElo "2076"]
[BlackElo "2287"]

1.e4 c5 2.Nc3 Nc6 3.Bb5 g6 4.Bxc6 dxc6 5.f4 Bg7 6.Nf3 c4 7.O-O Nf6 8.Qe2 b5
9.a4 b4 10.Nd1 Ba6 11.Kh1 Qa5 12.Ne5 c3 13.d3 cxb2 14.Bxb2 c5 15.Ne3 Qc7
16.Qf3 O-O 17.g4 e6 18.g5 Ne8 19.N3g4 c4 20.Rf2 c3 21.Bc1 f5 22.gxf6 Nxf6
23.Qh3 Nxg4 24.Nxg4 Qd7 25.Rb1 Rab8 26.Rf3 Qxa4 27.Be3 Qxc2 28.Rg1 Qxd3 29.Ne5 Bxe5
30.Qxe6+ Rf7 31.Qxe5 Qb5 32.Qe6 Re8 33.Qd6 Bb7  0-1

[Event "38th Olympiad w"]
[Site "Dresden GER"]
[Date "2008.11.22"]
[Round "9"]
[White "Kosintseva,T"]
[Black "Cmilyte,V"]
[Result "1/2-1/2"]
[WhiteElo "2513"]
[BlackElo "2512"]

1.e4 c5 2.Nf3 Nc6 3.Nc3 Nf6 4.Bb5 Qc7 5.O-O Nd4 6.Re1 e5 7.Bc4 Be7 8.d3 d6
9.Nxd4 cxd4 10.Ne2 O-O 11.Ng3 Bg4 12.Qd2 Rad8 13.h3 Be6 14.Bxe6 fxe6 15.c4 dxc3
16.Qxc3 Qxc3 17.bxc3 Rc8 18.Bd2 Bd8 19.c4 Bb6 20.Be3 Bc5 21.Nf1 Nd7 22.Nd2 Bd4
23.Bxd4 exd4 24.Nb3 e5 25.a4 Rf7 26.Reb1 Nf8 27.g3 g5 28.Kg2 Ne6 29.a5 Kg7
30.Rb2 h5 31.Rd1 Rcf8 32.Rdd2 h4 33.Rdc2 hxg3 34.fxg3 Rf3 35.c5 Rxd3 36.cxd6 Rff3
37.Nc5 Rxg3+ 38.Kf1 Rdf3+ 39.Ke1 Nf4 40.Rxb7+ Kg6 41.Rh2 Rg1+ 42.Kd2 Rff1
43.Nd3 Rd1+ 44.Kc2 Rxd3 45.d7 Rc3+ 46.Kb2 Ne6 47.Rb8 Rc7 48.Re8 Rb7+ 49.Ka2 Rxd7
50.Rxe6+ Kf7 51.Rxe5 Kf6 52.Rf5+ Ke6 53.Rd2 Rg3 54.Rc5 Kf6 55.Rf5+ Kg6 56.Rd5 Rxd5
57.exd5 d3 58.Kb3 Kf5 59.Kc4 Rxh3 60.Kd4 g4 61.Rxd3 g3 62.Rd1 g2 63.Rg1 Rg3
64.Kc5 Ke5 65.Re1+ Kf6 66.Rg1 Ke7 67.Kc6 Rc3+ 68.Kb7 Rc2 69.Kxa7 Kd6 70.a6 Kxd5
71.Kb7 Rb2+ 72.Kc7 Rc2+ 73.Kb7 Rb2+ 74.Kc7 Rc2+  1/2-1/2

[Event "38th Olympiad w"]
[Site "Dresden GER"]
[Date "2008.11.22"]
[Round "9"]
[White "Mucha,A"]
[Black "Mijovic,A"]
[Result "0-1"]
[WhiteElo "1965"]
[BlackElo "2176"]

1.e4 c5 2.Nc3 Nc6 3.Bb5 Nd4 4.Bc4 e6 5.Nf3 Ne7 6.Nxd4 cxd4 7.Ne2 Nc6 8.d3 Be7
9.O-O O-O 10.a3 a5 11.f4 d5 12.Bb5 dxe4 13.dxe4 Qb6 14.Bd3 e5 15.f5 Qd8 16.Ng3 Bg5
17.Qg4 Bxc1 18.Raxc1 Kh8 19.Qh5 Qf6 20.Bc4 Rb8 21.Qe2 Qg5 22.Rb1 Na7 23.b3 b5
24.Bd3 Rb6 25.Rf3 Bd7 26.Nh1 Rh6 27.Rg3 Qh5 28.Qxh5 Rxh5 29.Rf3 Rh6 30.Rc1 Rc6
31.Be2 Rfc8 32.Bd1 Rc3 33.Nf2 f6 34.Rxc3 Rxc3 35.Be2 Nc8 36.Nd1 Rc7 37.c3 Nd6
38.Bd3 Kg8 39.Rc2 Kf7 40.Kf2 Ke7 41.Ke1 Bc8 42.Kd2 Bb7 43.Nf2 a4 44.cxd4 Rxc2+
45.Kxc2 exd4 46.g3 Bc6 47.bxa4 bxa4 48.Kd2 Nb7 49.Ng4 Kd6 50.e5+ fxe5 51.f6 gxf6
52.Nxf6 h6 53.g4 Nc5 54.h4 e4 55.Bc4 Ke5 56.Ng8 Kf4 57.Nxh6 e3+ 58.Ke1 d3
59.g5 Bf3  0-1

[Event "38th Olympiad"]
[Site "Dresden GER"]
[Date "2008.11.22"]
[Round "9"]
[White "Iuldachev,S"]
[Black "Samakov,N"]
[Result "1-0"]
[WhiteElo "2511"]
[BlackElo "2340"]

1.e4 c5 2.Nc3 Nc6 3.Bb5 g6 4.Bxc6 bxc6 5.d3 Bg7 6.f4 d6 7.Nf3 Nf6 8.O-O O-O
9.Qe1 Nd7 10.Kh1 Re8 11.Bd2 e5 12.Qf2 f6 13.Rae1 Rf8 14.Qg3 exf4 15.Bxf4 Ne5
16.b3 Qe7 17.Nd1 Be6 18.Ne3 Rf7 19.h4 Kh8 20.h5 gxh5 21.Nh4 Bg4 22.Nhf5 Qe6
23.Nxd6 Qxd6 24.Bxe5 Qd7 25.Bc3 f5 26.Bxg7+ Rxg7 27.Nxg4 fxg4 28.Rf5 h4 29.Qxh4 Rg6
30.Qg3 Re8 31.Ref1 Qd4 32.Qf4 Qg7 33.g3 Kg8 34.Kg2 Qe7 35.Rf7 Qd6 36.Qxd6 Rxd6
37.Rxa7 c4 38.bxc4 Rb8 39.a4 Rb2 40.Rf2 Ra2 41.a5 c5 42.e5 Re6 43.Re2 h5
44.Kf2 Ra1 45.a6 Raxa6 46.Rxa6 Rxa6 47.Ke3 Ra1 48.Rh2 Rg1 49.Ke4  1-0

[Event "38th Olympiad"]
[Site "Dresden GER"]
[Date "2008.11.22"]
[Round "9"]
[White "Li Chao2"]
[Black "Maze,S"]
[Result "1-0"]
[WhiteElo "2622"]
[BlackElo "2577"]

1.e4 c5 2.Nf3 Nc6 3.Nc3 g6 4.d4 cxd4 5.Nxd4 Bg7 6.Be3 Nf6 7.Bc4 O-O 8.Bb3 Qa5
9.O-O d6 10.h3 Bd7 11.f4 Rac8 12.Nf3 Nh5 13.Qe1 b5 14.a3 Be6 15.g4 Nf6 16.Bxe6 fxe6
17.Ng5 Nd8 18.Rd1 h6 19.Nd5 Nxd5 20.Qxa5 Nxe3 21.Nf3 Nxd1 22.Rxd1 Rxf4 23.Nh4 Kf7
24.c3 Bf6 25.Ng2 Rxe4 26.Qxa7 d5 27.Qb6 Kg7 28.Qxb5 Nf7 29.Re1 Nd6 30.Qd3 Rxe1+
31.Nxe1 d4 32.g5 hxg5 33.cxd4 Nf5 34.Nf3 Rh8 35.Kg2 Nh4+ 36.Nxh4 Rxh4 37.Qe2 Rxd4
38.b4 e5 39.b5 e4 40.b6 Be5 41.b7  1-0

[Event "TCh-NED 2008-9"]
[Site "Netherlands NED"]
[Date "2008.11.22"]
[Round "3"]
[White "Kleijn,C"]
[Black "Hausrath,D"]
[Result "0-1"]
[WhiteElo "2238"]
[BlackElo "2491"]

1.e4 c5 2.Nf3 Nc6 3.Nc3 Nf6 4.Bb5 Qc7 5.O-O Nd4 6.Nxd4 cxd4 7.Nd5 Nxd5 8.exd5 Qc5
9.c4 a6 10.b4 Qxb4 11.Ba4 b5 12.cxb5 Bb7 13.Bb3 e6 14.a4 d3 15.Bb2 axb5 16.Bc3 Qf4
17.Qh5 Bd6 18.axb5 O-O 19.Rae1 g6 20.Qh3 Ra3 21.g3 Qg5 22.f4 Bc5+ 23.Rf2 Qh5
24.Qxh5 gxh5 25.Bc4 exd5 26.Bxd3 Bxf2+  0-1

[Event "TCh-AUT 2nd Bundesliga Ost 2008-9"]
[Site "Austria AUT"]
[Date "2008.11.23"]
[Round "5"]
[White "Weinzettl,E"]
[Black "Poecksteiner,J"]
[Result "1-0"]
[WhiteElo "2249"]
[BlackElo "2169"]

1.e4 c5 2.Nf3 Nc6 3.Nc3 e5 4.Bc4 Be7 5.d3 d6 6.Nd2 Nf6 7.Nf1 O-O 8.Ne3 Be6
9.O-O Rc8 10.a3 Nd4 11.Ncd5 Nxd5 12.Bxd5 Bxd5 13.Nxd5 Bg5 14.f4 exf4 15.Bxf4 Bxf4
16.Rxf4 Ne6 17.Rg4 Nc7 18.Ne3 d5 19.Nf5 g6 20.Qd2 f6 21.Qh6 Qd7 22.Rf1 dxe4
23.Rxg6+ hxg6 24.Qxg6+ Kh8 25.Rf4  1-0

[Event "TCh-BEL 2008-9"]
[Site "Belgium BEL"]
[Date "2008.11.23"]
[Round "4"]
[White "Maenhout,T"]
[Black "Sunnerberg,C"]
[Result "1-0"]
[WhiteElo "2232"]
[BlackElo "2067"]

1.e4 c5 2.Nf3 Nc6 3.Nc3 g6 4.Bb5 Bg7 5.Bxc6 dxc6 6.h3 e5 7.d3 Qd6 8.Be3 Ne7
9.Nd2 Be6 10.a3 O-O 11.Nc4 Bxc4 12.dxc4 Qxd1+ 13.Rxd1 b6 14.Rd7 Rfe8 15.Ke2 Kf8
16.Rhd1 Rec8 17.a4 Ke8 18.a5 Rd8 19.Rxd8+ Rxd8 20.Ra1 Rb8 21.g4 Nc8 22.b3 Bf8
23.h4 Bd6 24.h5 Ke7 25.Na4 Bc7 26.f3 Ke6 27.Nb2 Nd6 28.g5 Nc8 29.Nd3 Nd6
30.Rh1 Nb7 31.a6 Nd6 32.Bd2 Re8 33.Bc3 Nc8 34.Nf2 Bd8 35.Bd2 b5 36.Nd3 Bb6
37.Bc3 bxc4 38.bxc4 Nd6 39.Nxe5 Bd8 40.hxg6 hxg6 41.Nxc6 Bxg5 42.Nxa7 Nxc4
43.Rd1 Nd6 44.e5 Nc8 45.Nb5 Re7 46.Rd8 Na7 47.Rd6+ Kf5 48.Nxa7 Rxa7 49.Rc6 Bd8
50.e6 f6 51.Kd3 Kf4 52.Rd6  1-0

[Event "38th Olympiad"]
[Site "Dresden GER"]
[Date "2008.11.23"]
[Round "10"]
[White "Hernandez Guerrero,G"]
[Black "Harper,R"]
[Result "1-0"]
[WhiteElo "2549"]
[BlackElo "2233"]

1.e4 c5 2.Nc3 Nc6 3.Bb5 Nd4 4.Bc4 g6 5.Nf3 Bg7 6.Nxd4 cxd4 7.Qf3 e6 8.Nb5 d6
9.Qa3 Be5 10.O-O Ke7 11.f4 Bg7 12.e5 Kf8 13.Nxd6 Ne7 14.d3 Kg8 15.Bd2 Nf5
16.Nxf5 gxf5 17.Bb4 Qd7 18.Qa5 b6 19.Qb5 Qxb5 20.Bxb5 Bb7 21.a4 a6 22.Bc4 h5
23.c3 Rd8 24.Kf2 Kh7 25.g3 Bf8 26.Bxf8 Rhxf8 27.Ra3 dxc3 28.bxc3 Bc6 29.Ke3 b5
30.axb5 axb5 31.Bb3 Rc8 32.Bd1 Kg6 33.Be2 Rfd8 34.Rb1 Ra8 35.Rba1 Rac8 36.d4 b4
37.cxb4 Bd5 38.Bd3 Rb8 39.b5 Rd7 40.Ra7 Bb7 41.Rc1 Rbd8 42.Rc3 Ra8 43.Rxa8 Bxa8
44.b6 Rd8 45.Ba6 Bd5 46.Rc8 Rd7 47.Rc7 Rd8 48.b7 Rb8 49.Rc8 Rxb7 50.Bxb7 Bxb7
51.Rg8+ Kh7 52.Rg5 Kh6 53.Kd3  1-0

[Event "38th Olympiad"]
[Site "Dresden GER"]
[Date "2008.11.25"]
[Round "11"]
[White "Klasan,V"]
[Black "Efimov,Ig"]
[Result "1/2-1/2"]
[WhiteElo "2326"]
[BlackElo "2442"]

1.e4 c5 2.Nf3 Nc6 3.Nc3 d6 4.d4 cxd4 5.Nxd4 Nf6 6.g3 Bg4 7.f3 Bd7 8.Be3 Rc8
9.g4 h6 10.Qd2 Ne5 11.O-O-O a6 12.h4 g6 13.Be2 b5 14.a3 Nc4 15.Bxc4 Rxc4
16.g5 hxg5 17.hxg5 Rxh1 18.Rxh1 Nh5 19.Nde2 Be6 20.b3 Rc8 21.Nd5 Bxd5 22.exd5 Qd7
23.Qd3 Bg7 24.Bd4 Bxd4 25.Nxd4 Rc5 26.Ne6 Qc8 27.Nxc5 Qxc5 28.b4 Qf2 29.Qc3 Kd8
30.Qc6 Qxf3 31.Qa8+ Kd7 32.Qa7+ Kd8 33.Qb8+ Kd7 34.Qa7+ Kd8  1/2-1/2

[Event "38th Olympiad"]
[Site "Dresden GER"]
[Date "2008.11.25"]
[Round "11"]
[White "Howell,Sh"]
[Black "Kassis,A LIB"]
[Result "0-1"]
[WhiteElo "2006"]
[BlackElo "2238"]

1.e4 c5 2.Nc3 Nc6 3.Nf3 g6 4.d4 cxd4 5.Nxd4 Bg7 6.Be3 Nf6 7.Be2 O-O 8.O-O d5
9.Nxc6 bxc6 10.Bf3 e6 11.Bd4 Qc7 12.exd5 cxd5 13.Nb5 Qb8 14.c4 Bb7 15.cxd5 Bxd5
16.Bxd5 Nxd5 17.Bxg7 Kxg7 18.Qd4+ Kg8 19.a4 a6 20.Na3 Qb3 21.Nc4 Rab8 22.Ra3 Qb4
23.Rh3 Qxa4 24.Qh4 h5 25.Rg3 Rb4 26.Qxh5 Nf4 27.Qf3 Rxc4 28.b3 Qa2 29.bxc4 Ne2+
30.Kh1 Nxg3+ 31.fxg3 Qxc4 32.h4 e5 33.Qf6 Re8 34.h5 Qe6 35.Qg5 e4 36.Rf6 Qe5
37.Qxe5 Rxe5 38.hxg6 e3 39.gxf7+ Kf8 40.Rf1 e2 41.Re1 a5 42.Kg1 a4 43.Kf2 a3
44.Kg1 a2 45.Kf2 Kxf7 46.g4 Kg6 47.g3 Kg5  0-1

[Event "21st Belgrade Trophy"]
[Site "Obrenovac SRB"]
[Date "2008.11.27"]
[Round "1"]
[White "Bulatovic,I"]
[Black "Bojovic,D"]
[Result "0-1"]
[WhiteElo "1903"]
[BlackElo "2259"]

1.e4 c5 2.Nf3 Nc6 3.Nc3 g6 4.d4 cxd4 5.Nxd4 Bg7 6.Be3 Nf6 7.Be2 O-O 8.O-O d6
9.Nb3 Bd7 10.f4 a6 11.a4 Na5 12.Bf3 Nc4 13.Bc1 Qb6+ 14.Kh1 a5 15.Qe2 Rac8
16.e5 dxe5 17.fxe5 Nh5 18.Nd5 Qd8 19.Bg5 Re8 20.Bxh5 gxh5 21.Qxh5 Nxe5 22.Rae1  0-1

[Event "21st Belgrade Trophy"]
[Site "Obrenovac SRB"]
[Date "2008.11.28"]
[Round "2"]
[White "Ljangov,P"]
[Black "Cujic,I"]
[Result "1-0"]
[WhiteElo "2078"]
[BlackElo "1874"]

1.e4 c5 2.Nc3 Nc6 3.Nf3 e5 4.Bc4 h6 5.O-O Nf6 6.d3 d6 7.h3 a6 8.a3 Be7 9.Nd5 O-O
10.c3 b5 11.Ba2 Rb8 12.Be3 Nh7 13.d4 c4 14.Nb4 Bb7 15.Bb1 Nxb4 16.axb4 Qc7
17.Re1 Ra8 18.Bc2 f5 19.exf5 e4 20.Nd2 d5 21.Qg4 Bg5 22.Bxg5 Nxg5 23.f3 exf3
24.Nxf3 Nxf3+ 25.Qxf3 Rae8 26.Qf2 Qd7 27.Re5 Rf6 28.Rae1 Ref8 29.Re7 Qc6
30.Qg3 R6f7 31.R1e6 Rxe7 32.Rxe7 Rf7 33.Qb8+ Qc8 34.Re8+ Rf8 35.Rxc8 Bxc8  1-0

[Event "British Rapid"]
[Site "Halifax ENG"]
[Date "2008.11.29"]
[Round "3"]
[White "Trent,L"]
[Black "Dargan,P"]
[Result "1-0"]
[WhiteElo "2470"]
[BlackElo "2207"]

1.e4 c5 2.Nc3 Nc6 3.Nf3 e5 4.Bc4 Be7 5.d3 Nf6 6.O-O O-O 7.Nd5 d6 8.Nxe7+ Nxe7
9.Bg5 Ng6 10.Nh4 Kh8 11.Nxg6+ fxg6 12.f4 h6 13.Bxf6 Rxf6 14.Qd2 Be6 15.Bxe6 Rxe6
16.Qc3 Qe7 17.a4 Rf8 18.fxe5 Rxf1+ 19.Rxf1 dxe5 20.a5 b6 21.Ra1 b5 22.Qb3 a6
23.Qd5 Rf6 24.Rf1 Rxf1+ 25.Kxf1 Kh7 26.Ke2 Qc7 27.Qe6 c4 28.dxc4 bxc4 29.Qxa6 c3
30.b4 Qd7 31.Qd3 Qg4+ 32.Qf3 Qc8 33.Kd3 Qc6 34.Qf7 Qd6+ 35.Qd5 Qxb4 36.Qxe5 Qb1
37.Qxc3 Qf1+ 38.Kd4 Qf2+ 39.Kd5 Qxg2 40.a6 Qg5+ 41.Kc6 Qe7 42.Qd4 Qe6+ 43.Kb5 Qe8+
44.Ka5 Qa8 45.c4 Qc6 46.Qd5 Qc7+ 47.Kb5 Qb8+ 48.Qb7 Qe5+ 49.c5 Qb2+ 50.Kc6 Qf6+
51.Kc7 Qe7+ 52.Kb8 Qf8+ 53.Qc8 Qf4+ 54.Qc7 Qf8+ 55.Kb7 Qe8 56.a7 Qb5+ 57.Kc8 Qe8+
58.Qd8 Qc6+ 59.Qc7 Qe8+ 60.Kb7 Qb5+ 61.Kc8 Qe8+ 62.Qd8 Qc6+ 63.Kb8 Qxc5 64.a8=Q Qb5+
65.Qb7 Qe5+ 66.Qdc7 Qxc7+ 67.Qxc7 g5 68.e5 g4 69.e6 Kg6 70.e7 Kf7 71.Qd7 Kf6
72.Qd5 g5 73.Qf7+  1-0

[Event "British Rapid"]
[Site "Halifax ENG"]
[Date "2008.11.29"]
[Round "4"]
[White "Hunt,H"]
[Black "Gordon,S"]
[Result "1/2-1/2"]
[WhiteElo "2462"]
[BlackElo "2521"]

1.e4 c5 2.Nc3 Nc6 3.Bb5 Nd4 4.Bc4 e6 5.Nge2 Nf6 6.O-O a6 7.d3 b5 8.Bb3 Nxb3
9.axb3 Bb7 10.Ng3 b4 11.Nb1 d5 12.Nd2 h5 13.e5 Nd7 14.f4 h4 15.Nh1 h3 16.g3 Be7
17.Qg4 Rh7 18.Nf2 Qb6 19.Nf3 O-O-O 20.f5 exf5 21.Qxf5 g6 22.Qg4 d4 23.Ne4 Qc6
24.Bg5 Re8 25.Bxe7 Rxe7 26.Nfg5 Rh5 27.Nxf7 Kc7 28.Rae1 Nxe5 29.Nxe5 Rexe5
30.Rf7+ Kb8 31.Ref1 Rhf5 32.R1xf5 Rxf5 33.Rxf5 gxf5 34.Qxf5 Qh6 35.Qe5+ Ka8
36.Qg5 Qe6 37.Qf4 Ka7 38.Kf2 Bxe4 39.Qxe4 Qh6 40.Qe7+ Kb6 41.Qe2 Qf6+ 42.Kg1 Qh6
43.g4 Qc1+ 44.Kf2 Qf4+ 45.Kg1 Qc1+ 46.Kf2 Qf4+ 47.Kg1  1/2-1/2

[Event "British Rapid"]
[Site "Halifax ENG"]
[Date "2008.11.30"]
[Round "11"]
[White "Rabbitte,M"]
[Black "Hunt,H"]
[Result "1/2-1/2"]
[WhiteElo "1982"]
[BlackElo "2462"]

1.e4 c5 2.Nc3 Nc6 3.Bb5 Nd4 4.Bc4 e6 5.Nge2 Nf6 6.O-O a6 7.a3 Nxe4 8.Nxe4 d5
9.Nxd4 cxd4 10.Bxd5 Qxd5 11.d3 Bd7 12.Bg5 Bc6 13.Qg4 Kd7 14.c4 Qf5 15.Qxf5 exf5
16.Ng3 f6 17.Bd2 g6 18.Ne2 Bc5 19.b4 Ba7 20.a4 Ke7 21.b5 Bd7 22.Bb4+ Kf7
23.Rfe1 Rhe8 24.Nf4 Rac8 25.Rxe8 Rxe8 26.Re1 Re5 27.Kf1 g5 28.Nd5 f4 29.Rxe5 fxe5
30.f3 Bb8 31.Be7 g4 32.Bd8 h5 33.Ke2 Bd6 34.Nf6 Be6 35.Nxh5 Be7 36.Bxe7 Kxe7
37.g3 gxf3+ 38.Kxf3 Bf7 39.Nxf4 exf4 40.Kxf4 Bg6 41.Ke5 Bxd3 42.Kxd4 Be2
43.Kc5 Kd7 44.Kb6 Bxc4 45.Kxb7 Bxb5 46.Kb6 Bxa4 47.Kxa6 Ke6 48.Ka5 Bd1 49.Kb4 Kf5
50.Kc3 Kg4 51.Kd2 Bf3 52.Ke3 Bd5 53.Kf2 Kh3 54.Kg1 Bf3 55.Kf2 Bc6  1/2-1/2

[Event "21st Belgrade Trophy"]
[Site "Obrenovac SRB"]
[Date "2008.11.30"]
[Round "4"]
[White "Ljangov,P"]
[Black "Irizanin,R"]
[Result "1/2-1/2"]
[WhiteElo "2078"]
[BlackElo "2339"]

1.e4 c5 2.Nc3 Nc6 3.Nf3 g6 4.d4 cxd4 5.Nxd4 Bg7 6.Be3 Nf6 7.h3 Qa5 8.Nb3 Qc7
9.Qd2 O-O 10.Be2 d6 11.O-O a6 12.Bg5 Nd7 13.Nd5 Qd8 14.c3 Re8 15.Rad1 b5
16.Bh6 Bh8 17.Qe3 Bb7 18.Bg5 Rc8 19.Rd2 Nce5 20.f4 Nc4 21.Bxc4 Rxc4 22.f5 Nf6
23.fxg6 hxg6 24.Qf3 Rxe4 25.Bxf6 exf6 26.Nxf6+ Bxf6 27.Qxf6 Qb6+ 28.Qf2 Qc7
29.Nd4 Qe7 30.Qf6 Re3 31.Qxe7 R8xe7 32.Rff2 f5 33.Nc2 R3e6 34.Nd4 Re1+ 35.Kh2 Be4
36.Rfe2 Rb1 37.Nf3 d5 38.Kg3 Kf7 39.Kf2 Kf6 40.Re1 Rxe1 41.Nxe1 g5 42.Nd3 a5
43.a3 Rc7 44.Ne1 Rc4 45.Rd4 Rc8 46.Nf3 Rg8 47.Nd2 Ke5 48.Nf3+ Kd6 49.a4 g4
50.hxg4 fxg4 51.Nd2 g3+ 52.Kg1 Ke5  1/2-1/2

[Event "58th ch-GRE"]
[Site "Rhodes GRE"]
[Date "2008.12.02"]
[Round "3"]
[White "Darmarakis,M"]
[Black "Kotronias,V"]
[Result "1/2-1/2"]
[WhiteElo "2194"]
[BlackElo "2587"]

1.e4 c5 2.Nf3 Nc6 3.Nc3 Nf6 4.Bb5 g6 5.h3 Nd4 6.O-O Nxb5 7.Nxb5 d6 8.d3 Bg7
9.c4 O-O 10.Be3 a6 11.Nc3 b5 12.cxb5 axb5 13.Nxb5 Rb8 14.Nc3 Rxb2 15.Qc1 Rb8
16.Bh6 Ba6 17.Bxg7 Kxg7 18.Qc2 e5 19.Nd2 d5 20.exd5 Nxd5 21.Nxd5 Qxd5 22.Rfc1 Rbc8
23.Nc4 Rc6 24.Rab1 Rd8 25.Rb3 Qe6 26.Qb2 Rd4 27.Rbc3 Qe7 28.Na5 Rc8 29.Nb3 Rd5
30.Qc2 Qg5 31.Nxc5 Bxd3 32.Nxd3 Rxc3 33.Qxc3 Rxd3 34.Qxd3 Qxc1+ 35.Kh2 Qb2
36.Qd5 f6 37.f3 Qc1 38.Qe4 Qc7 39.Kh1 Qc1+ 40.Kh2 Qc7 41.Kh1  1/2-1/2

[Event "ch-RUS w Superfinal"]
[Site "Moscow RUS"]
[Date "2008.12.05"]
[Round "1"]
[White "Kosintseva,N"]
[Black "Romanko,M"]
[Result "1/2-1/2"]
[WhiteElo "2468"]
[BlackElo "2398"]

1.e4 c5 2.Nf3 Nc6 3.Nc3 e5 4.Bc4 Be7 5.d3 d6 6.h3 Nf6 7.O-O O-O 8.a3 Be6
9.Nd5 h6 10.Rb1 Nd7 11.b4 b6 12.c3 a6 13.a4 a5 14.bxc5 bxc5 15.Be3 Rb8 16.Rb5 Na7
17.Rxb8 Nxb8 18.Qb3 Nbc6 19.Rb1 Bg5 20.Nxg5 hxg5 21.Qd1 f6 22.Rb7 Rf7 23.Qb3 Rxb7
24.Qxb7 Kh8 25.Nb6 Bxc4 26.Nxc4 Kg8 27.d4 exd4 28.cxd4 cxd4 29.Bxd4 Nxd4
30.Qd5+ Kf8 31.Qxd4 Nc6 32.Qd5 Qc7 33.Nxd6 Ne5 34.Qd2 Qc6 35.Nf5 Qxa4 36.Qd8+ Qe8
37.Qxa5 Qd7 38.Qa8+ Kf7 39.Qh8 g6 40.Qg7+ Ke6 41.Qg8+ Qf7 42.Qc8+ Qd7 43.Qa6+ Kf7
44.Ne3 Qc6 45.Qa7+ Qd7 46.Qa2+ Kg7 47.Nd5 Qb7 48.Qc2 Qa7 49.Qb2 g4 50.hxg4 Nxg4
51.g3 Ne5 52.Kg2 Qa6 53.Qc1 Qd6 54.Qe3 Qc6 55.Qa7+ Nf7 56.Qd4 Ne5 57.Qb2 Qa6
58.f4 Nf7 59.Qc2 Qe6 60.Kf3 Qa6 61.Ne3 Qa1 62.Qd1 Qc3 63.Qd7 Qa1 64.Qe7 Qh1+
65.Kf2 Qh2+ 66.Ng2 Qh5 67.Qd7 Qa5 68.Ne3 Qa2+ 69.Kf3 Qa1 70.Qb7 Qh1+ 71.Kf2 Qh2+
72.Ng2 Qh5 73.Qd5 Qh3 74.Qb7 Qe6 75.Kf3 Qh3 76.Kf2 Qe6 77.Qd5 Qa6 78.Ne1 Qb6+
79.Kf1 Qe3 80.Qd3 Qc1 81.Ke2 Qa1 82.Nc2 Qg1 83.Qe3 Qg2+ 84.Kd3 Qf1+ 85.Kc3 Nd6
86.e5 Qc4+ 87.Kb2 Qb5+ 88.Kc1 fxe5 89.Qxe5+ Qxe5 90.fxe5 Nc4 91.e6 Kf6 92.Nd4 Ne3
93.Kd2 Nf5 94.Nxf5 gxf5 95.Ke3 Kxe6 96.Kf4 Kf6 97.g4 fxg4 98.Kxg4 Ke5  1/2-1/2

[Event "Mediterranean Open"]
[Site "Rijeka CRO"]
[Date "2008.12.05"]
[Round "8"]
[White "Gombac,Jan"]
[Black "Ljubicic,F"]
[Result "1-0"]
[WhiteElo "2290"]
[BlackElo "2415"]

1.e4 c5 2.Nc3 Nc6 3.Bb5 Nd4 4.Nf3 a6 5.Bc4 e6 6.d3 b5 7.Bb3 Nxb3 8.axb3 Bb7
9.O-O d6 10.Ng5 h6 11.Nh3 Nf6 12.f4 Be7 13.Qf3 Qc7 14.f5 b4 15.Ne2 e5 16.Nf2 d5
17.exd5 Bxd5 18.Ne4 Bxe4 19.dxe4 Qc6 20.Ng3 c4 21.Re1 h5 22.Bg5 Bc5+ 23.Be3 Be7
24.Bg5 Bc5+ 25.Kh1 Ng4 26.h3 Nf2+ 27.Kh2 f6 28.Bh4 cxb3 29.cxb3 Rd8 30.Nxh5 Rd3
31.Qe2 Re3 32.Qc4 Rxe4 33.Nxg7+ Ke7 34.Rxe4 Nxe4 35.Rxa6 Bg1+ 36.Kxg1 Qxc4
37.Bxf6+ Nxf6 38.bxc4 Rh4 39.c5 Rc4 40.Ra7+ Kf8 41.Ne6+ Kg8 42.Rg7+ Kh8 43.Rg6 Ne4
44.f6 Rc1+ 45.Kh2 Rf1 46.c6 Nd6 47.c7 e4 48.Ng5 e3 49.c8=Q+ Nxc8 50.Nf7+  1-0